| 000 | 00988nam0a22002531 4500 | ||
|---|---|---|---|
| 001 | rc\2790104 | ||
| 005 | 20230530173906.0 | ||
| 035 | _a(NLR Aleph) 006916229 | ||
| 090 |
_a7398953 _c7398953 |
||
| 100 | _a20110915d1935 |||y0rusy50 ca | ||
| 101 | 0 | _arus | |
| 102 | _aRU | ||
| 105 | _aa z ||||| | ||
| 200 | 1 |
_aО полосности на оконном стекле Фурко _fИнж. С. В. Родин |
|
| 210 |
_aМосква _aЛенинград _cГос. изд-во легкой пром-сти _d1935 _e[Калуга] _gтип. Мособлполиграфа |
||
| 215 |
_aОбл., 75, [2] с. _cил. _d23х15 см. |
||
| 225 | 1 | _aТруды Государственного научно-исследовательского института стекла | |
| 700 | 1 |
_aРодин _bС. В. _f1894- _gСергей Владимирович |
|
| 801 | 0 |
_aRU _bNLR _gpsbo |
|
| 801 | 1 |
_aRU _bELAR _2rusmarc |
|
| 852 |
_aNLR _j35-11/1596 |
||
| 942 | _cBOOK | ||
| 980 | _aNB | ||